| 000 | 00605nam a2200193 a 4500 | ||
|---|---|---|---|
| 005 | 20140310183451.0 | ||
| 008 | 090109s19uu xx 00 eng d | ||
| 020 | _a9780910627797 | ||
| 050 |
_aHF 5549.5.E423 _b.D48 2007 |
||
| 100 | _aDevon, Michelle | ||
| 245 |
_aDesign your own effective employee handbook : _bhow to make the most of your staff / _cMichelle Devon. |
||
| 260 |
_aU.S.A : _bAtlantic Publishing Group, _c2007. |
||
| 300 |
_a288 p. : _bill. ; _c25 cm. |
||
| 521 | _aBSBA | ||
| 650 | _aBSBA. | ||
| 650 |
_aEmployee handbooks _xUnited States. |
||
| 942 |
_cBK _2lcc _kFOR |
||
| 999 |
_c23407 _d23407 |
||